| 000 | 00000nam##2200000za#4500 |
| 001 | 9.606576 |
| 003 | CaOODSP |
| 005 | 20210624212708 |
| 007 | cr ||||||||||| |
| 008 | 150406|2006||||xxc|||||o f|0| 0 fre|d |
| 040 | |aCaOODSP|bfre |
| 043 | |an-cn--- |
| 086 | 1 |aFs3-6/2006-01F-PDF |
| 110 | 1 |aCanada. |bMinistère des pêches et des océans. |
| 245 | 10|aComplexe de stocks de hareng du golfe du Maine et du banc Georges |h[ressource électronique] |
| 260 | |aOttawa - Ontario : |bPêches et Océans Canada |cMai 2006. |
| 300 | |a6p.|bcarte en couleur, graphiques, références, tableaux |
| 490 | 1 |aComité d'évaluation des ressources transfrontalières - rapport sur l'état des stock |v2006/01 |
| 590 | |a14-12-Supp|b2014-05-30 |
| 775 | 08|tGulf of Maine-Georges Bank herring stock complex |w(CaOODSP)9.578798 |
| 830 | #0|aComité d'évaluation des ressources transfrontalières - rapport sur l'état des stock ;|v2006/01|w(CaOODSP)9.504119 |
| 856 | 40|ahttp://publications.gc.ca|qPDF|s93 Ko|uhttps://publications.gc.ca/collections/collection_2014/mpo-dfo/Fs3-6-2006-01-fra.pdf|y2006/01 |